Statistics for Runescape Places

Click here to take the quiz!

General Stats

  • This quiz has been taken 1,117 times
  • The average score is 10 of 15

Answer Stats

HintAnswer% Correct
Starting TownLumbridge
99%
Grand Exchange LocationVarrock
98%
White Knights are from?Falador
94%
Lookin' for a duel?Al Kharid
87%
Just Learning IslandTutorial Island
80%
Security Stronghold is under this city?Barbarian Village
78%
Take the boats fromPort Sarim
78%
Caged up lesser demonWizard's Tower
75%
Goblins live hereGoblin Village
70%
Collect swamp tar in?Lumbridge Swamp
59%
Plagued CityWest Ardougne
58%
Haunted Castle! Fight the Vampire!Draynor Manor
51%
Rich market-place cityEast Ardougne
49%
Monks live hereMonestary
16%
Need Some Wood?Lumber Yard
9%

Score Distribution

Percentile by Number Answered

Percent of People with Each Score

Your Score History

You have not taken this quiz